Southville International School and Colleges
Your cart is empty.
  • Cart
  • Lists
    Public lists Eva Luna New books Lux_list list_1
    Your lists Log in to create your own lists
  • Log in to your account
  • Your cookies
  • Search history
Southville International School and Colleges
  • Advanced search
  • Recent comments
  • Most popular
  • Libraries

Log in to your account

Log in with GOOGLE


If you do not have an external account, but do have a local account, you can still log in:

  1. Home
  2. MARC view: Overcoming ADHD:
Normal view MARC view ISBD view

Overcoming ADHD: (Record no. 288018)

[ view plain ]
MARC details
000 -LEADER
fixed length control field 00644nam a2200169Ia 4500
008 - FIXED-LENGTH DATA ELEMENTS--GENERAL INFORMATION
fixed length control field 150610s9999 xx 000 0 und d
020 ## - INTERNATIONAL STANDARD BOOK NUMBER
International Standard Book Number 9780738213552
050 ## - LIBRARY OF CONGRESS CALL NUMBER
Classification number RJ506
Item number .H9G75 2009
100 ## - MAIN ENTRY--PERSONAL NAME
Personal name Greenspan,Stanley I.
245 ## - TITLE STATEMENT
Title Overcoming ADHD:
Remainder of title helping your child become calm, engaged, and focused-without a pill /
Statement of responsibility, etc Stanley I. Greenspan; with jacob Greenspan.
250 ## - EDITION STATEMENT
Edition statement 1st DaCapo Press ed.
260 ## - PUBLICATION, DISTRIBUTION, ETC. (IMPRINT)
Place of publication, distribution, etc Cambridge :
Name of publisher, distributor, etc Da Capo Press,
Date of publication, distribution, etc 2009.
300 ## - PHYSICAL DESCRIPTION
Extent 197pages ;
Dimensions 22 cm.
504 ## - BIBLIOGRAPHY, ETC. NOTE
Bibliography, etc Includes bibliographical references and index.
520 ## - SUMMARY, ETC.
Summary, etc Attention-deficit hyperactivity disorder.
650 ## - SUBJECT ADDED ENTRY--TOPICAL TERM
General subdivision Behavior modification.
Holdings
Withdrawn status Lost status Damaged status Home library Current library Shelving location Date acquired Total Checkouts Full call number Barcode Date last seen Price effective from Koha item type
      Stonyhurst Southville International School (Batangas) Stonyhurst Southville International School (Batangas) High School Section 06/10/2015   RJ506 .H9G75 2009 US-1543 06/10/2015 06/10/2015 Books

Overcoming ADHD:

APA

Greenspan S. I., . (2009). Overcoming ADHD. Cambridge: Da Capo Press.

Chicago

Greenspan Stanley I, . 2009. Overcoming ADHD. Cambridge: Da Capo Press.

Harvard

Greenspan S. I., . (2009). Overcoming ADHD. Cambridge: Da Capo Press.

MLA

Greenspan Stanley I, . Overcoming ADHD. Cambridge: Da Capo Press. 2009.

  • Place hold
  • Print
  • Cite
  • Add to your cart (remove)
  • Save record
    BIBTEX Dublin Core MARCXML MARC (non-Unicode/MARC-8) MARC (Unicode/UTF-8) MARC (Unicode/UTF-8, Standard) MODS (XML) RIS
  • More searches
    Search for this title in:
    Other Libraries (WorldCat) Other Databases (Google Scholar) Online Stores (Bookfinder.com) Open Library (openlibrary.org)

Exporting to Dublin Core...

SOUTHVILLE LIBRARY

Southville International School and Colleges Library

1281 Tropical Ave. Cor. Luxembourg St., BF Homes International, Las Pinas City

Tel. No. 8256374 / 252358 Loc. 117/146

Powered by Koha